Wichtige historische Daten - Sudden Death - Statistiken

Allgemein
  • Dieses Quiz wurde 363 mal gespielt
  • Das Durchschnittsergebnis liegt bei 5 aus 15
Answers on the Grid
Answers color-coded by a green-red scale on the quiz's grid according to % correct below.
25.12.800
11.09.2001
12.10.1492
31.10.1517
14.07.1789
04.07.1776
28.06.1914
06.08.1945
20.07.1969
09.11.1989
23.05.1949
15.03.44 v. Chr.
29.05.1453
02.12.1804
24.10.1648
08.11.75
21.03.1621
09.09.1965
22.12.1030
01.08.1502
10.04.2007
18.06.1896
26.01.1997
31.03.762
25.02.1774
03.09.945
05.11.1931
18.07.1969
04.01.124 v. Chr.
20.12.1259
 
Antwortstatistiken
Antwort % Korrekt
11.09.2001
68%
09.11.1989
59%
06.08.1945
58%
28.06.1914
53%
12.10.1492
41%
23.05.1949
40%
14.07.1789
37%
15.03.44 v. Chr.
35%
04.07.1776
29%
24.10.1648
25%
20.07.1969
24%
29.05.1453
24%
25.12.800
22%
31.10.1517
22%
02.12.1804
13%
Keine übereinstimmenden Quizze gefunden
Verteilung der Resultate
Anzahl Personen mit jedem Resultat
Perzentil nach korrekt beantworteten Fragen
Ihre Resultats-Entwicklung
Sie haben dieses Quiz noch nicht gespielt